Zmráka sa nad klasikou ?

Hrozí klasickej študijnej literatúre zánik ? Úvahy autora k očakávanému nástupu elektronických publikácií. Z histórie Vydavateľstva EKONÓM. Vydavateľská činnosť.

Gespeichert in:
Bibliographische Detailangaben
1. Verfasser: Györffy, Ladislav
Format: Buchkapitel
Sprache:Slowakisch
Schlagworte:
Tags: Tag hinzufügen
Keine Tags, Fügen Sie das erste Tag hinzu!

MARC

LEADER 00000naa$a2200000$$$4500
001 0040031
005 20230622114521.1
041 0 |a slo 
044 |a SK 
245 1 0 |a Zmráka sa nad klasikou ?  |c Ladislav Györffy 
520 |a Hrozí klasickej študijnej literatúre zánik ? Úvahy autora k očakávanému nástupu elektronických publikácií. Z histórie Vydavateľstva EKONÓM. Vydavateľská činnosť. 
610 2 0 |a Ekonomická univerzita v Bratislave 
610 2 0 |a vydavateľstvá 
610 2 0 |a história 
610 2 0 |a dokumenty elektronické 
100 1 |a Györffy, Ladislav